[Event "SVK-chT3B2 2324"]
[Site "Slovakia"]
[Date "2023.10.15"]
[Round "1.5"]
[White "Krajcovic, Frantisek"]
[Black "Mazur, Mario1"]
[Result "1/2-1/2"]
[WhiteElo "1711"]
[BlackElo "1638"]
[PlyCount "43"]
[EventDate "2023.10.15"]
[EventType "team-tourn"]
[EventRounds "11"]
[EventCountry "SVK"]
[SourceTitle "EXT 2025"]
[Source "ChessBase"]
[SourceDate "2024.10.14"]
[SourceVersion "1"]
[SourceVersionDate "2024.10.14"]
[SourceQuality "1"]
[WhiteTeam "Handlova"]
[BlackTeam "Belusa"]
[WhiteTeamCountry "SVK"]
[BlackTeamCountry "SVK"]

1. d4 d5 2. c4 c6 3. cxd5 cxd5 4. Nc3 Nf6 5. Nf3 Nc6 6. e3 Bg4 7. Be2 e6 8. 0-0 Bd6 9. h3 Bh5 10. a3 a6 11. b4 b5 12. Bb2 0-0 13. Rc1 Rc8 14. Rc2 Bg6 15. Rc1 e5 16. dxe5 Nxe5 17. Nxe5 Bxe5 18. Qb3 d4 19. exd4 Qxd4 20. Rfd1 Qf4 21. g3 Qf5 22. Kg2 1/2-1/2

[Event "SVK-chT3B2 2223"]
[Site "Slovakia"]
[Date "2022.12.04"]
[Round "3.6"]
[White "Krajcovic, Frantisek"]
[Black "Kulich, Pavel"]
[Result "1-0"]
[WhiteElo "1727"]
[BlackElo "1292"]
[PlyCount "137"]
[EventDate "2022.10.23"]
[EventType "team-tourn"]
[EventRounds "11"]
[EventCountry "SVK"]
[SourceTitle "EXT 2024"]
[Source "ChessBase"]
[SourceDate "2023.10.10"]
[SourceVersion "1"]
[SourceVersionDate "2023.10.10"]
[SourceQuality "1"]
[WhiteTeam "Handlova"]
[BlackTeam "Povazske Podhradie III"]
[WhiteTeamCountry "SVK"]
[BlackTeamCountry "SVK"]

1. d4 Nf6 2. c4 e6 3. Nc3 Bb4 4. Bg5 0-0 5. e3 h6 6. Bh4 d5 7. Nf3 Nbd7 8. Rc1 c5 9. cxd5 exd5 10. a3 Bxc3+ 11. Rxc3 b6 12. Bd3 cxd4 13. Nxd4 Nc5 14. 0-0 Nxd3 15. Qxd3 Bb7 16. Rfc1 Rc8 17. Rxc8 Bxc8 18. Nc6 Qd7 19. Bxf6 gxf6 20. Qxd5 Qxd5 21. Ne7+ Kg7 22. Nxd5 Rd8 23. Nf4 Rd7 24. h3 Ba6 25. b4 Bb5 26. Rc3 a5 27. bxa5 bxa5 28. Rc5 Rd1+ 29. Kh2 Rb1 30. a4 Bxa4 31. Rxa5 Bc2 32. Kg3 Bg6 33. Nh5+ Bxh5 34. Rxh5 Kg6 35. Rc5 Rb4 36. f3 f5 37. Rd5 f6 38. Rd4 Rb5 39. Kf4 h5 40. e4 fxe4 41. fxe4 Rg5 42. g3 Kf7 43. Rd5 Rg8 44. Rxh5 Kg6 45. Rd5 Rf8 46. h4 Re8 47. g4 Rh8 48. h5+ Kf7 49. Rf5 Kg7 50. e5 fxe5+ 51. Rxe5 Rf8+ 52. Kg5 Rf7 53. Re6 Kh7 54. Rf6 Rb7 55. Re6 Rg7+ 56. Kf5 Kg8 57. Rg6 Kh7 58. Rxg7+ Kxg7 59. Ke6 Kh6 60. Kf7 Kg5 61. Kg7 Kxg4 62. h6 Kf4 63. h7 Ke4 64. h8Q Kf4 65. Qd8 Ke3 66. Kf6 Kf2 67. Kf5 Kf1 68. Qd2 Kg1 69. Kf4 1-0

[Event "SVK-chT3B2 2122"]
[Site "Slovakia"]
[Date "2022.05.08"]
[Round "10.5"]
[White "Krajcovic, Frantisek"]
[Black "Sofer, Jozef"]
[Result "1/2-1/2"]
[WhiteElo "1737"]
[BlackElo "1575"]
[PlyCount "37"]
[EventDate "2021.10.24"]
[EventType "team-tourn"]
[EventRounds "11"]
[EventCountry "SVK"]
[SourceTitle "EXT 2024"]
[Source "ChessBase"]
[SourceDate "2023.10.10"]
[SourceVersion "1"]
[SourceVersionDate "2023.10.10"]
[SourceQuality "1"]
[WhiteTeam "Handlova"]
[BlackTeam "Trencin"]
[WhiteTeamCountry "SVK"]
[BlackTeamCountry "SVK"]

1. d4 d5 2. c4 e6 3. Nc3 c5 4. e3 Nf6 5. Nf3 Nc6 6. cxd5 exd5 7. Bd3 Bg4 8. Be2 Be7 9. 0-0 0-0 10. Re1 Re8 11. a3 a6 12. dxc5 Bxc5 13. b4 Bd6 14. Kh1 Ne4 15. Nxe4 dxe4 16. Nd4 Bxe2 17. Qxe2 Ne5 18. Bb2 Nd3 19. Rf1 1/2-1/2

[Event "SVK-chT3B2 2122"]
[Site "Slovakia"]
[Date "2021.10.24"]
[Round "1.5"]
[White "Krajcovic, Frantisek"]
[Black "Vastik, Lukas"]
[Result "0-1"]
[WhiteElo "1737"]
[BlackElo "1738"]
[PlyCount "82"]
[EventDate "2021.10.24"]
[EventType "team-tourn"]
[EventRounds "11"]
[EventCountry "SVK"]
[SourceTitle "EXT 2023"]
[Source "ChessBase"]
[SourceDate "2022.10.05"]
[SourceVersion "1"]
[SourceVersionDate "2022.10.05"]
[SourceQuality "1"]
[WhiteTeam "Handlova"]
[BlackTeam "Belusa II"]
[WhiteTeamCountry "SVK"]
[BlackTeamCountry "SVK"]

1. d4 d5 2. c4 e6 3. Nc3 Nf6 4. Bg5 Be7 5. e3 Nbd7 6. Nf3 c5 7. Rc1 a6 8. a4 b6 9. Bd3 Bb7 10. 0-0 0-0 11. Re1 Ne4 12. Bxe7 Qxe7 13. Qe2 f5 14. Nd2 Qg5 15. f3 Nxd2 16. Qxd2 cxd4 17. Nd1 dxe3 18. Qxe3 Qxe3+ 19. Nxe3 Nc5 20. Bc2 d4 21. Nf1 a5 22. Nd2 d3 23. Bd1 Rad8 24. Rc3 Rfe8 25. Re5 Bc6 26. b3 Rd4 27. Kf2 Kf7 28. g3 Kf6 29. f4 g5 30. Ke3 gxf4+ 31. gxf4 Rd6 32. Kf2 Rg8 33. Bf3 Bxf3 34. Kxf3 Rg1 35. Kf2 Rd1 36. Ke3 Re1+ 37. Kf3 Rxe5 38. fxe5+ Kxe5 39. Ke3 f4+ 40. Kf3 Kf5 41. Rc1 e5 0-1

[Event "SVK-chT3B2 1920"]
[Site "Slovakia"]
[Date "2020.06.28"]
[Round "11.4"]
[White "Sajtlava, Igor"]
[Black "Krajcovic, Frantisek"]
[Result "1/2-1/2"]
[WhiteElo "1697"]
[BlackElo "1777"]
[PlyCount "44"]
[EventDate "2019.10.06"]
[EventType "team-tourn"]
[EventRounds "11"]
[EventCountry "SVK"]
[SourceTitle "EXT 2022"]
[Source "ChessBase"]
[SourceDate "2021.10.06"]
[SourceVersion "1"]
[SourceVersionDate "2021.10.06"]
[SourceQuality "1"]
[WhiteTeam "Dubnica nad Vahom III"]
[BlackTeam "Handlova"]
[WhiteTeamCountry "SVK"]
[BlackTeamCountry "SVK"]

1. d4 d5 2. Nf3 Nf6 3. c4 dxc4 4. e3 e6 5. Bxc4 Be7 6. Nc3 0-0 7. 0-0 c5 8. dxc5 Qxd1 9. Rxd1 Bxc5 10. a3 a6 11. b4 Be7 12. Bb2 b5 13. Be2 Bb7 14. Nd4 Nbd7 15. f3 Rac8 16. Rac1 Nb6 17. e4 Nc4 18. Bxc4 Rxc4 19. Nce2 Rfc8 20. Rxc4 Rxc4 21. Rc1 Rxc1+ 22. Bxc1 Nd7 1/2-1/2

[Event "SVK-chT3B2 1920"]
[Site "Slovakia"]
[Date "2019.10.06"]
[Round "1.3"]
[White "Sosovickova, Jana"]
[Black "Krajcovic, Frantisek"]
[Result "1-0"]
[WhiteElo "1716"]
[BlackElo "1777"]
[PlyCount "53"]
[EventDate "2019.10.06"]
[EventType "team-tourn"]
[EventRounds "11"]
[EventCountry "SVK"]
[SourceTitle "CBM 193 Extra"]
[Source "ChessBase"]
[SourceDate "2020.01.31"]
[SourceVersion "1"]
[SourceVersionDate "2020.01.31"]
[SourceQuality "1"]
[WhiteTeam "Dubnica nad Vahom IV"]
[BlackTeam "Handlova"]
[WhiteTeamCountry "SVK"]
[BlackTeamCountry "SVK"]

1. d4 e6 2. e4 d5 3. exd5 exd5 4. Bd3 Nf6 5. Bf4 Be7 6. Nf3 0-0 7. 0-0 h6 8. h3 Be6 9. Nbd2 c6 10. c3 Nbd7 11. Re1 Re8 12. Ne5 Nf8 13. Ndf3 N6h7 14. Qc2 Qc8 15. Re2 g5 16. Bd2 Bf6 17. Rae1 Bg7 18. Nh2 Nf6 19. f4 gxf4 20. Bxf4 Nh5 21. Bc1 Re7 22. Neg4 Ng3 23. Re3 Qc7 24. Qf2 Ne4 25. Bxe4 dxe4 26. Nf6+ Bxf6 27. Qxf6 1-0

[Event "SVK-chT3B2 1819"]
[Site "Slovakia"]
[Date "2019.02.24"]
[Round "8.3"]
[White "Krajcovic, Frantisek"]
[Black "Sosovickova, Jana"]
[Result "1/2-1/2"]
[WhiteElo "1807"]
[BlackElo "1642"]
[PlyCount "69"]
[EventDate "2018.10.21"]
[EventType "team-tourn"]
[EventRounds "11"]
[EventCountry "SVK"]
[SourceTitle "CBM 189 Extra"]
[Source "ChessBase"]
[SourceDate "2019.05.31"]
[SourceVersion "1"]
[SourceVersionDate "2019.05.31"]
[SourceQuality "1"]
[WhiteTeam "Handlova"]
[BlackTeam "Dubnica nad Vahom IV"]
[WhiteTeamCountry "SVK"]
[BlackTeamCountry "SVK"]

1. d4 d5 2. c4 c6 3. Nc3 Nf6 4. cxd5 cxd5 5. Nf3 e6 6. Bg5 Be7 7. e3 Bd7 8. Ne5 Nc6 9. Nxd7 Qxd7 10. Be2 0-0 11. 0-0 Rac8 12. Rc1 h6 13. Bh4 Na5 14. Bd3 Nc4 15. Qe2 a6 16. Rc2 b5 17. b3 Nd6 18. Rfc1 Rfe8 19. Nd1 Rxc2 20. Rxc2 Rc8 21. Rxc8+ Qxc8 22. Qc2 Qxc2 23. Bxc2 Kf8 24. f3 Nd7 25. Bxe7+ Kxe7 26. Kf2 Nb8 27. Nb2 Nc6 28. Nd3 Nb7 29. Ke2 b4 30. Nb2 Kd6 31. Bd3 a5 32. Bb5 Na7 33. Ba6 Kc7 34. Bd3 Nd6 35. Kd2 1/2-1/2

[Event "SVK-chT3B2 1819"]
[Site "Slovakia"]
[Date "2019.01.27"]
[Round "6.2"]
[White "Adamik, Bohuslav"]
[Black "Krajcovic, Frantisek"]
[Result "1/2-1/2"]
[WhiteElo "1871"]
[BlackElo "1807"]
[PlyCount "55"]
[EventDate "2018.10.21"]
[EventType "team-tourn"]
[EventRounds "11"]
[EventCountry "SVK"]
[SourceTitle "CBM 189 Extra"]
[Source "ChessBase"]
[SourceDate "2019.05.31"]
[SourceVersion "1"]
[SourceVersionDate "2019.05.31"]
[SourceQuality "1"]
[WhiteTeam "Lehota pod Vtacnikom"]
[BlackTeam "Handlova"]
[WhiteTeamCountry "SVK"]
[BlackTeamCountry "SVK"]

1. d4 d5 2. Nf3 Nf6 3. g3 e6 4. Bg2 c5 5. e3 Nc6 6. 0-0 Be7 7. c3 a5 8. Nbd2 0-0 9. Re1 Re8 10. b3 cxd4 11. exd4 Rb8 12. Bb2 Bf8 13. Rc1 h6 14. Ne5 Nxe5 15. Rxe5 Bd7 16. Bf1 Bd6 17. Re1 e5 18. c4 exd4 19. Rxe8+ Bxe8 20. Bxd4 dxc4 21. Nxc4 Be7 22. Be5 Qxd1 23. Rxd1 Rd8 24. Rxd8 Bxd8 25. Bg2 b6 26. Bd6 Nd7 27. Bd5 b5 28. Ne5 1/2-1/2

[Event "SVK-chT3B2 1819"]
[Site "Slovakia"]
[Date "2019.01.13"]
[Round "5.3"]
[White "Capak, Stefan"]
[Black "Krajcovic, Frantisek"]
[Result "1-0"]
[WhiteElo "1936"]
[BlackElo "1807"]
[PlyCount "121"]
[EventDate "2018.10.21"]
[EventType "team-tourn"]
[EventRounds "11"]
[EventCountry "SVK"]
[SourceTitle "CBM 189 Extra"]
[Source "ChessBase"]
[SourceDate "2019.05.31"]
[SourceVersion "1"]
[SourceVersionDate "2019.05.31"]
[SourceQuality "1"]
[WhiteTeam "Povazska Bystrica Sparta"]
[BlackTeam "Handlova"]
[WhiteTeamCountry "SVK"]
[BlackTeamCountry "SVK"]

1. d4 d5 2. c4 e6 3. Nc3 Nf6 4. Bg5 Be7 5. e3 0-0 6. cxd5 exd5 7. Qc2 c6 8. Bd3 Nbd7 9. Nf3 Re8 10. 0-0 h6 11. Bh4 Nh5 12. Bxe7 Rxe7 13. b4 Nhf6 14. a4 a6 15. a5 b5 16. Ne2 Bb7 17. Ng3 Qf8 18. Nd2 Rc8 19. Qc3 g6 20. Nb3 Rc7 21. Rfe1 Bc8 22. f3 Re8 23. e4 Nb8 24. Nc5 Nbd7 25. Nb3 Nb8 26. e5 Nh7 27. Nc5 Ng5 28. f4 Ne6 29. f5 Nxc5 30. Qxc5 Bxf5 31. Bxf5 gxf5 32. Nxf5 Re6 33. Qxf8+ Kxf8 34. Rf1 Kg8 35. Ra3 Kh7 36. Raf3 f6 37. exf6 Rxf6 38. Nh4 Rxf3 39. Rxf3 Re7 40. Rf8 Nd7 41. Rc8 Rf7 42. Rxc6 Rf6 43. Rc7 Rf7 44. Ra7 Ne5 45. Rxa6 Nd3 46. Rb6 Nxb4 47. Rxb5 Nc2 48. Nf3 Ra7 49. Rxd5 Nb4 50. Re5 Nd3 51. Rb5 Nf4 52. g3 Ne2+ 53. Kf2 Nc3 54. Re5 Kg7 55. Nd2 Kf6 56. Ke3 Nd1+ 57. Ke2 Nb2 58. Rb5 Na4 59. Kd3 Rc7 60. Ne4+ Kg7 61. Rb4 1-0

[Event "SVK-chT3B2 1718"]
[Site "Slovakia"]
[Date "2018.02.18"]
[Round "9.2"]
[White "Zakovic, Jozef"]
[Black "Krajcovic, Frantisek"]
[Result "1/2-1/2"]
[WhiteElo "1804"]
[BlackElo "1834"]
[PlyCount "42"]
[EventDate "2017.10.08"]
[EventType "team-tourn"]
[EventRounds "11"]
[EventCountry "SVK"]
[SourceTitle "EXT 2020"]
[Source "ChessBase"]
[SourceDate "2019.10.17"]
[SourceVersion "1"]
[SourceVersionDate "2019.10.17"]
[SourceQuality "1"]
[WhiteTeam "Bojnice"]
[BlackTeam "Handlova"]
[WhiteTeamCountry "SVK"]
[BlackTeamCountry "SVK"]

1. e4 e6 2. d4 d5 3. Nd2 c5 4. exd5 exd5 5. Ngf3 Nf6 6. Bb5+ Bd7 7. Qe2+ Qe7 8. 0-0 Qxe2 9. Bxe2 Bd6 10. dxc5 Bxc5 11. Nb3 Bd6 12. Nfd4 Nc6 13. Nb5 Bb8 14. Nc5 a6 15. Nxd7 Nxd7 16. Nc3 d4 17. Nd5 0-0 18. Bd2 Bd6 19. a3 Rad8 20. Rfe1 h6 21. Rad1 Nc5 1/2-1/2

[Event "SVK-chT3B2 1718"]
[Site "Slovakia"]
[Date "2017.12.17"]
[Round "6.2"]
[White "Krajcovic, Frantisek"]
[Black "Marko, Anton"]
[Result "0-1"]
[WhiteElo "1834"]
[BlackElo "2057"]
[PlyCount "62"]
[EventDate "2017.10.08"]
[EventType "team-tourn"]
[EventRounds "11"]
[EventCountry "SVK"]
[SourceTitle "EXT 2019"]
[Source "ChessBase"]
[SourceDate "2018.10.10"]
[SourceVersion "1"]
[SourceVersionDate "2018.10.10"]
[SourceQuality "1"]
[WhiteTeam "Handlova"]
[BlackTeam "Chynorany"]
[WhiteTeamCountry "SVK"]
[BlackTeamCountry "SVK"]

1. d4 Nf6 2. c4 e6 3. Nc3 Bb4 4. e3 0-0 5. Bd3 c5 6. Nge2 Nc6 7. 0-0 b6 8. a3 Bxc3 9. Nxc3 Bb7 10. d5 Ne5 11. e4 exd5 12. exd5 h6 13. Bf4 d6 14. Re1 Nfd7 15. b3 Qf6 16. Bxe5 dxe5 17. Qg4 Rad8 18. Re3 g6 19. Ne4 Qg7 20. Qd1 f5 21. Nd6 Bc8 22. Nxf5 Qh7 23. Rg3 Kh8 24. Nxh6 e4 25. Bxe4 Nf6 26. Bxg6 Qxh6 27. Qe2 Rg8 28. Qe7 Rdf8 29. h3 Nd7 30. Rg4 Nf6 31. Rh4 Qxh4 0-1

[Event "SVK-chT3B2 1718"]
[Site "Slovakia"]
[Date "2017.11.05"]
[Round "3.3"]
[White "Krajcovic, Frantisek"]
[Black "Janicek, Jozef"]
[Result "1/2-1/2"]
[WhiteElo "1834"]
[BlackElo "1611"]
[PlyCount "56"]
[EventDate "2017.10.08"]
[EventType "team-tourn"]
[EventRounds "11"]
[EventCountry "SVK"]
[SourceTitle "EXT 2019"]
[Source "ChessBase"]
[SourceDate "2018.10.10"]
[SourceVersion "1"]
[SourceVersionDate "2018.10.10"]
[SourceQuality "1"]
[WhiteTeam "Handlova"]
[BlackTeam "Belusa"]
[WhiteTeamCountry "SVK"]
[BlackTeamCountry "SVK"]

1. d4 e6 2. c4 d5 3. Nc3 Nf6 4. Bg5 Be7 5. e3 h6 6. Bh4 Ne4 7. Bxe7 Nxc3 8. Bxd8 Nxd1 9. Bxc7 Nxb2 10. cxd5 exd5 11. Rc1 Bf5 12. Bd6 Nc6 13. Ba3 Nd3+ 14. Bxd3 Bxd3 15. Ne2 Bxe2 16. Kxe2 f5 17. Rc5 Rd8 18. Rb1 Rd7 19. Rbb5 a6 20. Rb1 Kf7 21. Kd3 Re8 22. Bc1 h5 23. Bd2 Re6 24. a4 b6 25. Rc2 Na7 26. Rbc1 a5 27. h4 g6 28. f3 Ke8 1/2-1/2

[Event "SVK-chT3B2 1617"]
[Site "Slovakia"]
[Date "2017.04.02"]
[Round "11.4"]
[White "Solovic, Vladislav"]
[Black "Krajcovic, Frantisek"]
[Result "1-0"]
[WhiteElo "1741"]
[BlackElo "1838"]
[PlyCount "63"]
[EventDate "2016.10.16"]
[EventType "team-tourn"]
[EventRounds "11"]
[EventCountry "SVK"]
[SourceTitle "EXT 2020"]
[Source "ChessBase"]
[SourceDate "2019.10.17"]
[SourceVersion "1"]
[SourceVersionDate "2019.10.17"]
[SourceQuality "1"]
[WhiteTeam "Dubnica nad Vahom III"]
[BlackTeam "Handlova"]
[WhiteTeamCountry "SVK"]
[BlackTeamCountry "SVK"]

1. e4 e6 2. Nf3 d5 3. exd5 exd5 4. d4 Bd6 5. Bd3 Qe7+ 6. Be3 Nf6 7. 0-0 0-0 8. Re1 Qd8 9. Bg5 h6 10. Bh4 Be6 11. Nbd2 Nbd7 12. Ne5 g5 13. Bg3 Kg7 14. f4 gxf4 15. Bxf4 Rh8 16. Bg3 Nh7 17. Rf1 Nxe5 18. dxe5 Be7 19. Qh5 Bc5+ 20. Bf2 Bxf2+ 21. Rxf2 Qg5 22. Qe2 Nf8 23. Re1 Nd7 24. Nf3 Qe7 25. Nd4 c6 26. Qf3 Rae8 27. Nf5+ Bxf5 28. Qxf5 Qe6 29. Qf4 Nf8 30. Qg3+ Ng6 31. Rf6 Qd7 32. Bxg6 1-0

[Event "SVK-chT3B2 1617"]
[Site "Slovakia"]
[Date "2017.02.19"]
[Round "8.4"]
[White "Krajcovic, Frantisek"]
[Black "Adamik, Jan"]
[Result "1/2-1/2"]
[WhiteElo "1845"]
[BlackElo "1733"]
[PlyCount "42"]
[EventDate "2016.10.16"]
[EventType "team-tourn"]
[EventRounds "11"]
[EventCountry "SVK"]
[SourceTitle "EXT 2018"]
[Source "ChessBase"]
[SourceDate "2017.10.13"]
[SourceVersion "1"]
[SourceVersionDate "2017.10.13"]
[SourceQuality "1"]
[WhiteTeam "Handlova"]
[BlackTeam "Lehota pod Vtacnikom"]
[WhiteTeamCountry "SVK"]
[BlackTeamCountry "SVK"]

1. d4 Nf6 2. c4 e6 3. Nc3 Bb4 4. e3 0-0 5. Bd3 c5 6. Nge2 Nc6 7. 0-0 d5 8. a3 Bxc3 9. bxc3 dxc4 10. Bxc4 cxd4 11. cxd4 b6 12. Bb2 Bb7 13. Rc1 Rc8 14. Qd3 Na5 15. Ba6 Bxa6 16. Qxa6 Qd7 17. h3 Nb3 18. Rxc8 Rxc8 19. Qd3 Nc5 20. Qd1 Na4 21. Qb3 Nxb2 1/2-1/2

[Event "SVK-chT3B2 1516"]
[Site "Slovakia"]
[Date "2016.04.03"]
[Round "11.2"]
[White "Krajcovic, Frantisek"]
[Black "Krajcovic, Alojz"]
[Result "1/2-1/2"]
[WhiteElo "1840"]
[BlackElo "1905"]
[PlyCount "39"]
[EventDate "2015.10.11"]
[EventType "team-tourn"]
[EventRounds "11"]
[EventCountry "SVK"]
[SourceTitle "EXT 2018"]
[Source "ChessBase"]
[SourceDate "2017.10.13"]
[SourceVersion "1"]
[SourceVersionDate "2017.10.13"]
[SourceQuality "1"]
[WhiteTeam "Handlova"]
[BlackTeam "Dubnica nad Vahom III"]
[WhiteTeamCountry "SVK"]
[BlackTeamCountry "SVK"]

1. d4 Nf6 2. c4 d6 3. Nc3 g6 4. g3 Bg7 5. Bg2 0-0 6. Nf3 Nbd7 7. 0-0 Re8 8. e4 e5 9. dxe5 dxe5 10. Re1 c6 11. h3 Qe7 12. Be3 b6 13. a3 Bb7 14. Qc2 Red8 15. Red1 Ne8 16. Rd2 Nc7 17. Rad1 Ne6 18. h4 Ndf8 19. Rxd8 Rxd8 20. Rxd8 1/2-1/2

[Event "SVK-chT3B2 1516"]
[Site "Slovakia"]
[Date "2016.03.20"]
[Round "10.1"]
[White "Krajcovic, Frantisek"]
[Black "Gombar, Peter"]
[Result "0-1"]
[WhiteElo "1842"]
[BlackElo "2018"]
[PlyCount "58"]
[EventDate "2015.10.11"]
[EventType "team-tourn"]
[EventRounds "11"]
[EventCountry "SVK"]
[SourceTitle "EXT 2017"]
[Source "ChessBase"]
[SourceDate "2016.10.25"]
[SourceVersion "1"]
[SourceVersionDate "2016.10.25"]
[SourceQuality "1"]
[WhiteTeam "Handlova"]
[BlackTeam "Povazska Bystrica III"]
[WhiteTeamCountry "SVK"]
[BlackTeamCountry "SVK"]

1. d4 d5 2. c4 e6 3. Nc3 Nf6 4. Bg5 Nbd7 5. e3 Bb4 6. Bxf6 Qxf6 7. a3 Bxc3+ 8. bxc3 0-0 9. Nf3 c6 10. Be2 Nb6 11. c5 Nd7 12. 0-0 e5 13. Nxe5 Nxe5 14. dxe5 Qxe5 15. Qd4 Qe7 16. a4 Bf5 17. Rfd1 Rfe8 18. Bf3 a5 19. Rd2 Qg5 20. Kf1 h5 21. h3 Be4 22. Ke2 f5 23. Re1 f4 24. Kd1 Qg6 25. Kc1 Qf7 26. exf4 Bxf3 27. Rxe8+ Rxe8 28. gxf3 Qf5 29. Kb2 Qxh3 0-1

[Event "SVK-chT3B2 1516"]
[Site "Slovakia"]
[Date "2015.10.11"]
[Round "1.3"]
[White "Krajcovic, Frantisek"]
[Black "Bielik, Peter"]
[Result "0-1"]
[WhiteElo "1842"]
[BlackElo "1859"]
[PlyCount "102"]
[EventDate "2015.10.11"]
[EventType "team-tourn"]
[EventRounds "11"]
[EventCountry "SVK"]
[SourceTitle "CBM 170 Extra"]
[Source "ChessBase"]
[SourceDate "2016.02.25"]
[SourceVersion "1"]
[SourceVersionDate "2016.02.25"]
[SourceQuality "1"]
[WhiteTeam "Handlova"]
[BlackTeam "Povazske Podhradie"]
[WhiteTeamCountry "SVK"]
[BlackTeamCountry "SVK"]

1. d4 d5 2. c4 e6 3. Nc3 Nf6 4. Bg5 Be7 5. e3 c6 6. Nf3 0-0 7. Bd3 dxc4 8. Bxc4 b5 9. Bd3 Nbd7 10. 0-0 a6 11. Rc1 Bb7 12. Re1 Rc8 13. h3 c5 14. dxc5 Nxc5 15. Be2 Bxf3 16. gxf3 Qb6 17. b4 Ncd7 18. a3 h6 19. Bh4 Ne5 20. Qb3 Qb7 21. Kg2 Rfd8 22. Bxf6 Bxf6 23. Ne4 Be7 24. Rc3 Ng6 25. Rec1 Rxc3 26. Qxc3 Nh4+ 27. Kf1 f5 28. Qe5 Qd5 29. Qxd5 exd5 30. Nc5 Rc8 31. Ke1 Kf7 32. Kd2 Bxc5 33. Rxc5 Rxc5 34. bxc5 Ke6 35. Kc3 Kd7 36. Kd4 Kc6 37. f4 a5 38. f3 b4 39. axb4 axb4 40. Bd1 b3 41. Kc3 Kxc5 42. Kxb3 Ng2 43. e4 dxe4 44. fxe4 fxe4 45. Kc3 Nxf4 46. Bg4 Nd5+ 47. Kd2 Kd4 48. Bf5 e3+ 49. Ke1 Nf4 50. Bg4 Ke4 51. Bc8 Kf3 0-1

[Event "SVK-chT3B2 1314"]
[Site "Slovakia"]
[Date "2014.03.09"]
[Round "9.1"]
[White "Uhrecky, Urban"]
[Black "Krajcovic, Frantisek"]
[Result "1-0"]
[WhiteElo "1718"]
[BlackElo "1871"]
[PlyCount "81"]
[EventDate "2013.10.13"]
[EventType "team-tourn"]
[EventRounds "14"]
[EventCountry "SVK"]
[SourceTitle "EXT 2015"]
[Source "ChessBase"]
[SourceDate "2014.11.20"]
[SourceVersion "1"]
[SourceVersionDate "2014.11.20"]
[SourceQuality "1"]
[WhiteTeam "Lehota pod Vtacnikom"]
[BlackTeam "Handlova"]
[WhiteTeamCountry "SVK"]
[BlackTeamCountry "SVK"]

1. e4 e6 2. d4 d5 3. e5 c5 4. c3 Nc6 5. Bb5 Bd7 6. Bxc6 Bxc6 7. a3 a5 8. Nf3 Qc7 9. 0-0 Rc8 10. Nbd2 cxd4 11. cxd4 Ne7 12. b4 axb4 13. axb4 Qb6 14. Ba3 Nf5 15. Qb3 Be7 16. Qb2 Ba4 17. Rfc1 0-0 18. Rab1 Bb5 19. Rxc8 Rxc8 20. Nb3 Bd3 21. Rc1 Rxc1+ 22. Qxc1 Bc4 23. Nc5 Qb5 24. g4 Nh6 25. h3 b6 26. Nb7 Qd7 27. Nd6 Bxd6 28. exd6 Qxd6 29. Ne5 b5 30. Qe3 f6 31. Nf3 Kf7 32. Bc1 Qxb4 33. Qf4 Be2 34. Ne5+ Ke8 35. Nc6 Qe1+ 36. Kg2 Bf1+ 37. Kh2 Qe4 38. Qb8+ Kf7 39. Qc7+ Kg6 40. Ne7+ Kf7 41. Nf5+ 1-0

[Event "SVK-chT3B2 1213"]
[Site "Slovakia"]
[Date "2012.12.09"]
[Round "4.5"]
[White "Krajcovic, Frantisek"]
[Black "Uhrecky, Urban"]
[Result "1/2-1/2"]
[WhiteElo "1805"]
[BlackElo "1741"]
[PlyCount "82"]
[EventDate "2012.10.28"]
[EventType "team-tourn"]
[EventRounds "14"]
[EventCountry "SVK"]
[SourceTitle "EXT 2022"]
[Source "ChessBase"]
[SourceDate "2021.10.06"]
[SourceVersion "1"]
[SourceVersionDate "2021.10.06"]
[SourceQuality "1"]
[WhiteTeam "Handlova"]
[BlackTeam "Lehota pod Vtacnikom"]
[WhiteTeamCountry "SVK"]
[BlackTeamCountry "SVK"]

1. d4 Nf6 2. c4 e6 3. Nc3 d5 4. Bg5 c6 5. e3 Bb4 6. a3 Bxc3+ 7. bxc3 dxc4 8. Bxf6 Qxf6 9. Bxc4 b5 10. Bd3 Nd7 11. Nf3 Nb6 12. e4 0-0 13. 0-0 Qe7 14. Ne5 Qc7 15. f4 f6 16. Ng4 f5 17. exf5 exf5 18. Ne5 Be6 19. Qc2 Nd5 20. Rae1 c5 21. Bxb5 cxd4 22. Bc4 dxc3 23. Kh1 Qc5 24. Bxd5 Qxd5 25. Qxc3 Rfc8 26. Qe3 Rc2 27. Nf3 Bf7 28. Rf2 Rxf2 29. Qxf2 Qb3 30. Qe3 Qxe3 31. Rxe3 Rd8 32. Kg1 Bc4 33. Kf2 Rb8 34. Nd2 Rb2 35. Ke1 Bb5 36. Rc3 a6 37. Rb3 Ra2 38. g3 Rc2 39. Re3 Rc1+ 40. Kf2 Rc2 41. Ke1 Rc1+ 1/2-1/2

[Event "SVK-chT3B2 1213"]
[Site "Slovakia"]
[Date "2012.11.25"]
[Round "3.4"]
[White "Krajcovic, Frantisek"]
[Black "Mrazik, Vladislav"]
[Result "1-0"]
[WhiteElo "1805"]
[BlackElo "1852"]
[PlyCount "43"]
[EventDate "2012.10.28"]
[EventType "team-tourn"]
[EventRounds "14"]
[EventCountry "SVK"]
[SourceTitle "EXT 2022"]
[Source "ChessBase"]
[SourceDate "2021.10.06"]
[SourceVersion "1"]
[SourceVersionDate "2021.10.06"]
[SourceQuality "1"]
[WhiteTeam "Handlova"]
[BlackTeam "Trencin PK III"]
[WhiteTeamCountry "SVK"]
[BlackTeamCountry "SVK"]

1. d4 d5 2. c4 c6 3. Nc3 Nf6 4. Nf3 e6 5. Bg5 Nbd7 6. e3 Qa5 7. Bxf6 Nxf6 8. Nd2 Bb4 9. Qc2 0-0 10. Bd3 dxc4 11. Nxc4 Qg5 12. 0-0 Bxc3 13. bxc3 Rd8 14. Ne5 g6 15. c4 Bd7 16. Rab1 b6 17. Rb2 c5 18. f4 Qh6 19. dxc5 bxc5 20. Rfb1 Be8 21. Rb7 Nd7 22. Nc6 1-0